Statistics for FIFA 17 Top 10 French Right Wingers

Click here to take the quiz!

General Stats

  • This quiz has been taken 22 times
  • The average score is 3 of 10

Answer Stats

Rank Player OVA % Correct
6Ousmane Dembélé78
76%
1Nabil Fekir81
52%
2Moussa Sissoko80
52%
9Florian Thauvin77
43%
5Thomas Lemar78
33%
3Mathieu Valbuena79
29%
4Romain Hamouma78
19%
8Romain Alessandrini77
10%
7Yann Jouffre77
5%
10Anthony Mounier73
5%

Score Distribution

Percentile by Number Answered

Percent of People with Each Score

Your Score History

You have not taken this quiz